[Event "Rhein Main op-A 25th"]
[Site "Bad Homburg"]
[Date "2023.06.11"]
[Round "7"]
[White "Werner, Claus"]
[Black "Nazarenus, Moritz"]
[Result "1/2-1/2"]
[WhiteElo "2151"]
[BlackElo "2277"]
[PlyCount "23"]
[EventDate "2023.06.07"]
[EventType "swiss"]
[EventRounds "7"]
[EventCountry "GER"]
[SourceTitle "CBM 215 Extra"]
[Source "ChessBase"]
[SourceDate "2023.09.30"]
[SourceVersion "1"]
[SourceVersionDate "2023.09.30"]
[SourceQuality "1"]

1. e4 c6 2. c4 e5 3. Nf3 d6 4. d4 Bg4 5. d5 Nf6 6. Nc3 Be7 7. h3 Bh5 8. Be3 0-0 9. g4 Bg6 10. Nd2 Ne8 11. Bd3 a5 12. Nf1 1/2-1/2

[Event "Rhein Main op-A 25th"]
[Site "Bad Homburg"]
[Date "2023.06.09"]
[Round "4"]
[White "Werner, Claus"]
[Black "Lesny, Florian"]
[Result "0-1"]
[WhiteElo "2151"]
[BlackElo "2220"]
[PlyCount "70"]
[EventDate "2023.06.07"]
[EventType "swiss"]
[EventRounds "7"]
[EventCountry "GER"]
[SourceTitle "CBM 215 Extra"]
[Source "ChessBase"]
[SourceDate "2023.09.30"]
[SourceVersion "1"]
[SourceVersionDate "2023.09.30"]
[SourceQuality "1"]

1. e4 c5 2. Nf3 d6 3. d4 cxd4 4. Nxd4 Nf6 5. Nc3 a6 6. h3 e5 7. Nde2 h5 8. g3 Be6 9. Bg2 Nbd7 10. Nd5 Nxd5 11. exd5 Bf5 12. 0-0 Rc8 13. c3 h4 14. g4 Bh7 15. f4 exf4 16. Nxf4 Be7 17. Be3 0-0 18. Qb3 Qc7 19. Rae1 Bg5 20. Kh1 Nc5 21. Qa3 Ne4 22. Kh2 Ng3 23. Rf2 Bf6 24. Qb4 Rfe8 25. Bb6 Qd7 26. Rxe8+ Rxe8 27. Bd4 Bg5 28. Bb6 Qe7 29. Qd4 Qe1 30. Qa4 Re7 31. Nh5 Nxh5 32. gxh5 Qe5+ 33. Kh1 Qg3 34. Qd1 Bf4 35. Qg1 Re1 0-1

[Event "Oberliga Bayern 2122"]
[Site "Bayern"]
[Date "2021.10.24"]
[Round "1.7"]
[White "Wittmann, Matthias"]
[Black "Werner, Claus"]
[Result "1/2-1/2"]
[WhiteElo "2133"]
[BlackElo "2173"]
[PlyCount "111"]
[EventDate "2021.10.24"]
[EventType "team-tourn"]
[EventRounds "9"]
[EventCountry "GER"]
[SourceTitle "EXT 2023"]
[Source "ChessBase"]
[SourceDate "2022.10.05"]
[SourceVersion "1"]
[SourceVersionDate "2022.10.05"]
[SourceQuality "1"]
[WhiteTeam "Pang/Rosenheim"]
[BlackTeam "Regensburg Post/Sued"]
[WhiteTeamCountry "GER"]
[BlackTeamCountry "GER"]

1. e4 e6 2. d4 d5 3. Nd2 c5 4. c3 Nc6 5. Ngf3 Nf6 6. Bd3 Be7 7. 0-0 dxe4 8. Nxe4 cxd4 9. cxd4 0-0 10. Nc3 b6 11. a3 Bb7 12. Re1 a6 13. Bc2 Qd7 14. Na4 Qc7 15. Qd3 Rfd8 16. Bg5 g6 17. Rac1 Ng4 18. Be3 b5 19. Nc3 Na5 20. d5 Bxd5 21. Nxd5 Rxd5 22. Qe4 Nxe3 23. Qxe3 Nc4 24. Be4 Rc5 25. Rxc4 bxc4 26. Bxa8 Qb8 27. Be4 Qxb2 28. Nd4 c3 29. Nc2 Re5 30. Qf4 Bd6 31. Rf1 Kg7 32. Bd3 Rd5 33. Qc4 a5 34. Ne3 Rh5 35. Ng4 Qxa3 36. g3 Bc5 37. Rb1 Rd5 38. Rb5 h5 39. Be4 Rg5 40. Ne3 Bxe3 41. fxe3 Qc1+ 42. Kg2 Rxb5 43. Qxb5 Qxe3 44. Qc4 Kf6 45. Bd3 Qd2+ 46. Kh3 Kg7 47. Qd4+ Kg8 48. Qd8+ Kg7 49. Qd4+ f6 50. Qe4 f5 51. Qe5+ Kf7 52. Bc4 c2 53. Qxe6+ Kg7 54. Qf7+ Kh6 55. Qf8+ Kg5 56. Qe7+ 1/2-1/2

[Event "Oberliga Bayern 1920"]
[Site "Bayern"]
[Date "2019.12.08"]
[Round "4.7"]
[White "Werner, Claus"]
[Black "Kern, Johannes"]
[Result "0-1"]
[WhiteElo "2200"]
[BlackElo "2156"]
[PlyCount "52"]
[EventDate "2019.10.20"]
[EventType "team-tourn"]
[EventRounds "9"]
[EventCountry "GER"]
[SourceTitle "EXT 2021"]
[Source "ChessBase"]
[SourceDate "2020.10.23"]
[SourceVersion "1"]
[SourceVersionDate "2020.10.23"]
[SourceQuality "1"]
[WhiteTeam "Regensburg Post/Sued"]
[BlackTeam "Trostberg"]
[WhiteTeamCountry "GER"]
[BlackTeamCountry "GER"]

1. e4 d6 2. d4 Nf6 3. Nc3 e5 4. Nf3 Nbd7 5. Bc4 Be7 6. 0-0 0-0 7. h3 c6 8. a4 b6 9. Ba2 a6 10. Re1 Rb8 11. Be3 b5 12. axb5 axb5 13. b4 Qc7 14. Qd3 Bb7 15. Nh4 d5 16. dxe5 Nxe4 17. Nxe4 Bxh4 18. Nc5 Nxc5 19. Bxc5 Be7 20. Qd4 Bc8 21. Re3 Ra8 22. Bb6 Qb7 23. Rc3 Bxb4 24. Qxb4 Qxb6 25. Qb2 Qd4 26. Rb1 Rxa2 0-1

[Event "Rhein Main op-A 22nd"]
[Site "Bad Homburg"]
[Date "2019.06.22"]
[Round "6"]
[White "Haack, Kevin"]
[Black "Werner, Claus"]
[Result "1-0"]
[WhiteElo "2033"]
[BlackElo "2205"]
[PlyCount "67"]
[EventDate "2019.06.19"]
[EventType "swiss"]
[EventRounds "9"]
[EventCountry "GER"]
[SourceTitle "EXT 2020"]
[Source "ChessBase"]
[SourceDate "2019.10.17"]
[SourceVersion "1"]
[SourceVersionDate "2019.10.17"]
[SourceQuality "1"]

1. c4 c6 2. e4 e5 3. Nc3 Nf6 4. g3 d5 5. cxd5 cxd5 6. exd5 Nxd5 7. Bg2 Nb6 8. Qe2 f6 9. f4 Bc5 10. Nf3 0-0 11. Ne4 exf4 12. Nxc5 Re8 13. Ne4 f5 14. d3 fxe4 15. dxe4 fxg3 16. hxg3 Nc6 17. Bf4 Bg4 18. 0-0 Nd4 19. Qe3 Bxf3 20. Bxf3 Nc4 21. Qc3 Rc8 22. Rad1 Nxf3+ 23. Qxf3 Qb6+ 24. Rf2 Qe6 25. b3 Ne5 26. Bxe5 Qxe5 27. Rdf1 h6 28. Qf7+ Kh8 29. Qxb7 Rc7 30. Qd5 Qxg3+ 31. Rg2 Qe3+ 32. Kh2 Qxe4 33. Rf8+ Kh7 34. Qg8# 1-0

[Event "Rhein Main op-A 22nd"]
[Site "Bad Homburg"]
[Date "2019.06.20"]
[Round "2"]
[White "Werner, Claus"]
[Black "Hess, Steffen"]
[Result "1-0"]
[WhiteElo "2205"]
[BlackElo "2038"]
[PlyCount "59"]
[EventDate "2019.06.19"]
[EventType "swiss"]
[EventRounds "9"]
[EventCountry "GER"]
[SourceTitle "EXT 2020"]
[Source "ChessBase"]
[SourceDate "2019.10.17"]
[SourceVersion "1"]
[SourceVersionDate "2019.10.17"]
[SourceQuality "1"]

1. e4 e6 2. f4 d5 3. e5 c5 4. Nf3 Nc6 5. Nc3 Nh6 6. g3 Be7 7. Bh3 Nf5 8. 0-0 0-0 9. d3 f6 10. Re1 fxe5 11. Nxe5 Nxe5 12. Rxe5 Bf6 13. Re1 Nd4 14. a4 Bd7 15. Nb1 Qb6 16. a5 Qd6 17. c3 Nc6 18. Qb3 Rab8 19. Be3 Rfe8 20. Nd2 Kh8 21. Nf3 d4 22. cxd4 Nxd4 23. Nxd4 Bxd4 24. Qc4 e5 25. Bxd4 exd4 26. Bxd7 Qxd7 27. Qxc5 Rxe1+ 28. Rxe1 b6 29. axb6 axb6 30. Qe5 1-0

[Event "Rhein Main op-A 22nd"]
[Site "Bad Homburg"]
[Date "2019.06.19"]
[Round "1"]
[White "Martin, Reiner"]
[Black "Werner, Claus"]
[Result "0-1"]
[WhiteElo "1979"]
[BlackElo "2205"]
[PlyCount "80"]
[EventDate "2019.06.19"]
[EventType "swiss"]
[EventRounds "9"]
[EventCountry "GER"]
[SourceTitle "EXT 2020"]
[Source "ChessBase"]
[SourceDate "2019.10.17"]
[SourceVersion "1"]
[SourceVersionDate "2019.10.17"]
[SourceQuality "1"]

1. d4 d6 2. c4 Nf6 3. Nc3 g6 4. e4 Bg7 5. f3 0-0 6. Bg5 c5 7. d5 h6 8. Be3 e6 9. Qd2 exd5 10. cxd5 Re8 11. Bd3 Na6 12. Nge2 h5 13. 0-0 Rb8 14. Bf4 Nc7 15. a4 a6 16. a5 Qe7 17. Bg5 Bd7 18. Ng3 Qf8 19. Kh1 b5 20. Rab1 b4 21. Nd1 Bb5 22. Bxb5 Nxb5 23. Ne2 Qe7 24. Qd3 Qc7 25. Ne3 Nd7 26. Nc4 Ne5 27. Qb3 Nxc4 28. Qxc4 Qxa5 29. Ra1 Qb6 30. Ra2 a5 31. Rfa1 Ra8 32. Be3 Ra7 33. Rb1 a4 34. Qxb4 cxb4 35. Bxb6 Ra6 36. Be3 b3 37. Raa1 a3 38. Rxa3 Nxa3 39. bxa3 b2 40. Nd4 Rxa3 0-1

[Event "GER CupT 1819 prel"]
[Site "Germany"]
[Date "2019.03.16"]
[Round "1.2"]
[White "Werner, Claus"]
[Black "Stuermer, Robin Gabriel"]
[Result "1-0"]
[WhiteElo "2200"]
[BlackElo "2195"]
[PlyCount "53"]
[EventDate "2019.03.16"]
[EventType "team-k.o."]
[EventRounds "2"]
[EventCountry "GER"]
[SourceTitle "CBM 189 Extra"]
[Source "ChessBase"]
[SourceDate "2019.06.03"]
[SourceVersion "1"]
[SourceVersionDate "2019.06.03"]
[SourceQuality "1"]
[WhiteTeam "Regensburg Post/Sued"]
[BlackTeam "Heilbronn"]
[WhiteTeamCountry "GER"]
[BlackTeamCountry "GER"]

1. e4 c6 2. d3 d5 3. Nd2 g6 4. Ngf3 Bg7 5. g3 e5 6. Bg2 Ne7 7. 0-0 0-0 8. Re1 Qc7 9. exd5 cxd5 10. c4 dxc4 11. Nxc4 Nbc6 12. Bd2 Be6 13. Rc1 Qb8 14. b4 Rd8 15. b5 Nd4 16. Nfxe5 Bd5 17. Bf4 Bxg2 18. Kxg2 Nd5 19. Nxg6 Nxf4+ 20. Nxf4 b6 21. Re7 Kf8 22. Qe1 Bf6 23. Re4 Qb7 24. f3 Rd7 25. Qe3 Nxb5 26. Nh5 Bd4 27. Qh6+ 1-0

[Event "Oberliga Bayern 1819"]
[Site "Bayern"]
[Date "2019.02.03"]
[Round "6.6"]
[White "Werner, Claus"]
[Black "Goldbeck, Lars"]
[Result "1/2-1/2"]
[WhiteElo "2191"]
[BlackElo "2184"]
[PlyCount "118"]
[EventDate "2018.10.21"]
[EventType "team-tourn"]
[EventRounds "9"]
[EventCountry "GER"]
[SourceTitle "EXT 2020"]
[Source "ChessBase"]
[SourceDate "2019.10.17"]
[SourceVersion "1"]
[SourceVersionDate "2019.10.17"]
[SourceQuality "1"]
[WhiteTeam "Regensburg Post/Sued"]
[BlackTeam "Regensburg Bavaria"]
[WhiteTeamCountry "GER"]
[BlackTeamCountry "GER"]

1. e4 c5 2. Nf3 d6 3. c3 Nf6 4. Bd3 Nc6 5. 0-0 g6 6. h3 Bg7 7. Bc2 0-0 8. d3 e5 9. Nbd2 h6 10. a3 Be6 11. b4 a6 12. Rb1 Qd7 13. Nc4 Qc7 14. Qe2 d5 15. Ncd2 Nh5 16. exd5 Nf4 17. Qe1 Bxd5 18. c4 Bxf3 19. Nxf3 Rad8 20. Qe3 Nd4 21. Nxd4 Rxd4 22. bxc5 Qxc5 23. Qf3 b5 24. Be3 Ne6 25. Bb3 Qxa3 26. cxb5 axb5 27. Bxe6 fxe6 28. Qg3 Qxd3 29. Bxd4 Qxg3 30. fxg3 exd4 31. Rxf8+ Kxf8 32. Rxb5 Kf7 33. Kf2 g5 34. Kf3 Bf6 35. Ke4 Kg6 36. g4 Kf7 37. g3 Kg6 38. Rb7 Bg7 39. h4 gxh4 40. gxh4 Bf6 41. h5+ Kg5 42. Rf7 Bh8 43. Kf3 Be5 44. Rf8 Bf6 45. Rg8+ Kh4 46. Rg6 Bg5 47. Rxe6 Bc1 48. Re1 Be3 49. Rf1 Bd2 50. Rg1 Kg5 51. Ke4 Be3 52. Rg2 Kh4 53. Kd3 Kg5 54. Ke4 Kh4 55. Kf3 Bc1 56. Rc2 Be3 57. Rc5 Bg5 58. Rd5 Be3 59. Rd6 Kg5 1/2-1/2

[Event "Oberliga Bayern 1819"]
[Site "Bayern"]
[Date "2018.12.16"]
[Round "4.7"]
[White "Bielmeier, Ludwig"]
[Black "Werner, Claus"]
[Result "0-1"]
[WhiteElo "2135"]
[BlackElo "2191"]
[PlyCount "84"]
[EventDate "2018.10.21"]
[EventType "team-tourn"]
[EventRounds "9"]
[EventCountry "GER"]
[SourceTitle "EXT 2020"]
[Source "ChessBase"]
[SourceDate "2019.10.17"]
[SourceVersion "1"]
[SourceVersionDate "2019.10.17"]
[SourceQuality "1"]
[WhiteTeam "Deggendorf"]
[BlackTeam "Regensburg Post/Sued"]
[WhiteTeamCountry "GER"]
[BlackTeamCountry "GER"]

1. g3 g6 2. Bg2 Bg7 3. Nf3 c5 4. c4 Nc6 5. 0-0 e5 6. Nc3 Nge7 7. a3 d6 8. b4 Be6 9. bxc5 dxc5 10. Rb1 Qd7 11. Qa4 h6 12. d3 Rd8 13. Ne1 f5 14. Nd5 b6 15. Nxe7 Nxe7 16. Qc2 0-0 17. Bb2 Nc6 18. Nf3 Rfe8 19. Rfe1 Bf7 20. Rbd1 Re7 21. Bc3 Qc7 22. Qb2 Red7 23. Rb1 g5 24. Nd2 Nd4 25. Bh3 g4 26. Bg2 h5 27. a4 f4 28. Be4 Rd6 29. a5 Rh6 30. axb6 axb6 31. Bxd4 exd4 32. Ra1 h4 33. Nf1 Be5 34. Qd2 hxg3 35. fxg3 Kg7 36. Bf5 fxg3 37. Qg5+ Bg6 38. Bxg4 Rf8 39. Ra7 gxh2+ 40. Kh1 Qxa7 41. Qxe5+ Kh7 42. Nxh2 Rf2 0-1

[Event "Oberliga Bayern 1617"]
[Site "Bayern"]
[Date "2017.01.15"]
[Round "4.8"]
[White "Heumann, Joern"]
[Black "Werner, Claus"]
[Result "1-0"]
[WhiteElo "2063"]
[BlackElo "2175"]
[PlyCount "77"]
[EventDate "2016.10.16"]
[EventType "team-tourn"]
[EventRounds "9"]
[EventCountry "GER"]
[SourceTitle "EXT 2019"]
[Source "ChessBase"]
[SourceDate "2018.10.10"]
[SourceVersion "1"]
[SourceVersionDate "2018.10.10"]
[SourceQuality "1"]
[WhiteTeam "Kareth Lappersdorf"]
[BlackTeam "Regensburg Post/Sued"]
[WhiteTeamCountry "GER"]
[BlackTeamCountry "GER"]

1. e4 c5 2. Nf3 e6 3. d4 cxd4 4. Nxd4 a6 5. Bd3 Nc6 6. Nxc6 bxc6 7. 0-0 d5 8. c4 Nf6 9. Qa4 Bd7 10. e5 Ng8 11. Qc2 Ne7 12. Nd2 Ng6 13. Nf3 Nh4 14. Qe2 Nxf3+ 15. Qxf3 Qh4 16. Bf4 Bc5 17. Rac1 Bb6 18. g3 Qe7 19. Be3 d4 20. Bd2 0-0 21. Rfe1 f5 22. exf6 Qxf6 23. Qxf6 gxf6 24. c5 Bc7 25. Bc4 Rfe8 26. Re4 Kh8 27. Rxd4 Rad8 28. Bxa6 e5 29. Ra4 Be6 30. Be3 f5 31. Bc4 f4 32. Bxe6 fxe3 33. Bg4 exf2+ 34. Kxf2 Rd2+ 35. Kg1 Rxb2 36. Bd7 Rf8 37. Bxc6 Rff2 38. Ra8+ Bb8 39. Be4 1-0

[Event "Oberliga Bayern 1617"]
[Site "Bayern"]
[Date "2016.11.20"]
[Round "2.7"]
[White "Singer, Christoph"]
[Black "Werner, Claus"]
[Result "0-1"]
[WhiteElo "2308"]
[BlackElo "2175"]
[PlyCount "76"]
[EventDate "2016.10.16"]
[EventType "team-tourn"]
[EventRounds "9"]
[EventCountry "GER"]
[SourceTitle "EXT 2019"]
[Source "ChessBase"]
[SourceDate "2018.10.10"]
[SourceVersion "1"]
[SourceVersionDate "2018.10.10"]
[SourceQuality "1"]
[WhiteTeam "Bayern Muenchen II"]
[BlackTeam "Regensburg Post/Sued"]
[WhiteTeamCountry "GER"]
[BlackTeamCountry "GER"]

1. e4 c5 2. Nf3 e6 3. c3 d5 4. exd5 exd5 5. d4 c4 6. b3 cxb3 7. axb3 Nc6 8. Bd3 Nf6 9. 0-0 Be7 10. Re1 0-0 11. h3 Bd6 12. Ne5 Re8 13. f4 Ne4 14. Bxe4 dxe4 15. Be3 Ne7 16. Nd2 f6 17. Nec4 Nd5 18. Nxd6 Qxd6 19. Nc4 Qc7 20. Ra5 Nxf4 21. Bxf4 Qxf4 22. Qh5 Be6 23. Rxa7 Bf7 24. Qa5 Rxa7 25. Qxa7 e3 26. Qa2 b5 27. Na3 b4 28. cxb4 Qxd4 29. Qe2 Bxb3 30. Rb1 Qd2 31. Rb2 Qc1+ 32. Kh2 Bd1 33. Qb5 Rc8 34. Qd5+ Kh8 35. Rb1 Qc7+ 36. Kg1 e2 37. Rxd1 exd1Q+ 38. Qxd1 Qa7+ 0-1

[Event "Oberliga Bayern 1314"]
[Site "Bayern"]
[Date "2013.11.10"]
[Round "2.7"]
[White "Werner, Claus"]
[Black "Giss, Arthur"]
[Result "1/2-1/2"]
[WhiteElo "2204"]
[BlackElo "2049"]
[PlyCount "135"]
[EventDate "2013.10.13"]
[EventType "team-tourn"]
[EventRounds "9"]
[EventCountry "GER"]
[SourceTitle "EXT 2015"]
[Source "ChessBase"]
[SourceDate "2014.11.20"]
[SourceVersion "1"]
[SourceVersionDate "2014.11.20"]
[SourceQuality "1"]
[WhiteTeam "Neutraubling Wacker"]
[BlackTeam "Dillingen"]
[WhiteTeamCountry "GER"]
[BlackTeamCountry "GER"]

1. c4 Nf6 2. d4 e6 3. Nc3 Bb4 4. f3 d5 5. a3 Bxc3+ 6. bxc3 0-0 7. e3 Re8 8. Bd3 e5 9. Ne2 c6 10. 0-0 Nbd7 11. cxd5 cxd5 12. Ng3 Qc7 13. Qb3 Nb6 14. Ra2 Bd7 15. a4 Rac8 16. a5 Nc4 17. Qb4 exd4 18. exd4 Ne3 19. Re1 Qxc3 20. Qxc3 Rxc3 21. Ra3 Rxa3 22. Bxa3 Nc4 23. Rxe8+ Nxe8 24. Bb4 Nc7 25. Kf2 b6 26. axb6 axb6 27. Nf1 Ne6 28. Ne3 Nxe3 29. Kxe3 g6 30. Bc2 Bb5 31. g4 Bc4 32. f4 Nd8 33. f5 Nc6 34. Bd6 Kg7 35. h4 h6 36. g5 hxg5 37. hxg5 gxf5 38. Bxf5 b5 39. Kd2 f6 40. gxf6+ Kxf6 41. Bd7 Nxd4 42. Ke3 Nb3 43. Kf4 Nc1 44. Ke3 Nd3 45. Kd4 b4 46. Bc6 b3 47. Ba3 Nf4 48. Ke3 Ng6 49. Kd4 Ke6 50. Ba4 Nf4 51. Kc3 Ne2+ 52. Kd2 Nd4 53. Bb2 Nb5 54. Bxb5 Bxb5 55. Ke3 Kf5 56. Kf3 Ke6 57. Ke3 Kd6 58. Kd4 Bc4 59. Ba3+ Kc6 60. Bb2 Kd6 61. Ke3 Bf1 62. Kd4 Ke6 63. Bc3 Bg2 64. Bb2 Bf3 65. Ke3 Be4 66. Kd4 Kf5 67. Ke3 Kg4 68. Kd4 1/2-1/2

[Event "Nittenau-ch 13th"]
[Site "Nittenau"]
[Date "2013.09.13"]
[Round "1"]
[White "Schwarzfischer, Juergen"]
[Black "Werner, Claus"]
[Result "0-1"]
[WhiteElo "1572"]
[BlackElo "2113"]
[PlyCount "104"]
[EventDate "2013.09.13"]
[EventType "swiss"]
[EventRounds "5"]
[EventCountry "GER"]
[SourceTitle "EXT 2022"]
[Source "ChessBase"]
[SourceDate "2021.10.06"]
[SourceVersion "1"]
[SourceVersionDate "2021.10.06"]
[SourceQuality "1"]

1. d4 Nf6 2. Nf3 c5 3. c4 e6 4. e3 cxd4 5. exd4 d5 6. Nc3 Nc6 7. a3 Be7 8. Bd3 dxc4 9. Bxc4 0-0 10. 0-0 b6 11. d5 exd5 12. Nxd5 Nxd5 13. Bxd5 Bb7 14. Ne5 Nxe5 15. Bxb7 Qxd1 16. Rxd1 Rad8 17. Bd2 Nd3 18. Rab1 Bc5 19. Be3 Nxb2 20. Rxd8 Rxd8 21. Bxc5 bxc5 22. Bf3 Rd2 23. Kf1 c4 24. Be2 Kf8 25. Rc1 Rd4 26. Rc2 Nd3 27. g3 Ke7 28. Rc3 Kd6 29. Bxd3 cxd3 30. Ke1 g5 31. Kd2 g4 32. Rc8 Ke6 33. Rc5 Rd5 34. Rc4 h5 35. Ra4 a5 36. Rc4 Kf6 37. Rf4+ Kg6 38. f3 f5 39. fxg4 hxg4 40. Rc4 Kg5 41. Ra4 Kf6 42. Rc4 Ke5 43. Rc1 Ke4 44. Rf1 Rb5 45. Rf4+ Ke5 46. Ra4 Rd5 47. Rc4 Rd4 48. Rc5+ Ke4 49. Rxa5 Rc4 50. Rb5 Rc2+ 51. Kd1 Rxh2 52. Rb4+ Ke3 0-1

[Event "Wunsiedel op 7th"]
[Site "Wunsiedel"]
[Date "2013.05.10"]
[Round "4"]
[White "Werner, Claus"]
[Black "Plat, Vojtech"]
[Result "0-1"]
[WhiteElo "2213"]
[BlackElo "2455"]
[PlyCount "96"]
[EventDate "2013.05.09"]
[EventType "swiss"]
[EventRounds "7"]
[EventCountry "GER"]
[SourceTitle "CBM 154 Extra"]
[Source "ChessBase"]
[SourceDate "2013.06.25"]
[SourceVersion "2"]
[SourceVersionDate "2013.06.25"]
[SourceQuality "1"]

1. d4 d5 2. c4 Nc6 3. Nf3 Bg4 4. cxd5 Bxf3 5. gxf3 Qxd5 6. e3 e5 7. Nc3 Bb4 8. Bd2 Bxc3 9. bxc3 Qd6 10. Bg2 Nge7 11. Rb1 0-0 12. 0-0 Nf5 13. Kh1 Nh4 14. Rg1 Nxg2 15. Rxg2 b6 16. f4 exf4 17. e4 Ne7 18. Qg4 g6 19. Qxf4 Qxf4 20. Bxf4 Rac8 21. f3 f6 22. d5 Kf7 23. Rd2 g5 24. Bg3 f5 25. e5 f4 26. Bf2 Nf5 27. Re1 Rfe8 28. c4 Rcd8 29. Re4 c6 30. Kg2 Kg6 31. a4 cxd5 32. cxd5 Ne7 33. d6 Nf5 34. Rc2 Rd7 35. Rc6 Ng7 36. a5 bxa5 37. Ra6 Ne6 38. Rxa5 Kf5 39. Re1 Ra8 40. Ra6 h5 41. h3 g4 42. hxg4+ hxg4 43. Rea1 gxf3+ 44. Kxf3 Ng5+ 45. Ke2 Rb7 46. Bxa7 Rb2+ 47. Kd3 Rc8 48. R1a3 Nf3 0-1

[Event "Wunsiedel op 7th"]
[Site "Wunsiedel"]
[Date "2013.05.09"]
[Round "2"]
[White "Werner, Claus"]
[Black "Kunin, Vitaly L"]
[Result "0-1"]
[WhiteElo "2213"]
[BlackElo "2503"]
[PlyCount "120"]
[EventDate "2013.05.09"]
[EventType "swiss"]
[EventRounds "7"]
[EventCountry "GER"]
[SourceTitle "CBM 154 Extra"]
[Source "ChessBase"]
[SourceDate "2013.06.25"]
[SourceVersion "2"]
[SourceVersionDate "2013.06.25"]
[SourceQuality "1"]

1. c4 e5 2. g3 Nc6 3. Nc3 f5 4. Bg2 Nf6 5. a3 g6 6. d3 Bg7 7. e3 0-0 8. Nge2 d6 9. 0-0 Be6 10. Nd5 Rb8 11. Bd2 Ne7 12. Nxe7+ Qxe7 13. Qa4 a6 14. Rae1 Kh8 15. Bc3 Bg8 16. b4 h5 17. b5 Nd7 18. bxa6 Nc5 19. Qc2 Nxa6 20. Rb1 b6 21. d4 Bxc4 22. dxe5 d5 23. Nf4 Qe8 24. Nxd5 Bxf1 25. Bxf1 Nc5 26. Nf6 Bxf6 27. exf6 Kh7 28. Bg2 Rd8 29. Bd4 Qa4 30. Qc3 Ne6 31. Be5 Rd1+ 32. Rxd1 Qxd1+ 33. Bf1 Ng5 34. Qxc7+ Rf7 35. Qd6 Nf3+ 36. Kg2 Ne1+ 37. Kg1 Nf3+ 38. Kg2 Ne1+ 39. Kg1 Qxd6 40. Bxd6 Rxf6 41. Bb4 Nc2 42. Kg2 Nxb4 43. axb4 Rd6 44. h4 Rd2 45. Kf3 Kg7 46. Be2 Kf6 47. Bc4 Rb2 48. b5 Ke7 49. Bd3 Kd6 50. Bc4 Ke5 51. Bf7 Rxb5 52. Bxg6 Rc5 53. Bxh5 b5 54. Bf7 b4 55. Ke2 Rc2+ 56. Ke1 Ke4 57. Bg6 b3 58. Kd1 Rxf2 59. Kc1 Kxe3 60. h5 Kd4 0-1

[Event "BL2-Ost 1213"]
[Site "Germany"]
[Date "2013.04.14"]
[Round "9.7"]
[White "Werner, Claus"]
[Black "Schoeneberg, Manfred"]
[Result "1/2-1/2"]
[WhiteElo "2228"]
[BlackElo "2221"]
[PlyCount "85"]
[EventDate "2012.10.14"]
[EventType "team-tourn"]
[EventRounds "9"]
[EventCountry "GER"]
[SourceTitle "CBM 154 Extra"]
[Source "ChessBase"]
[SourceDate "2013.06.25"]
[SourceVersion "2"]
[SourceVersionDate "2013.06.25"]
[SourceQuality "1"]
[WhiteTeam "Neutraubling Wacker"]
[BlackTeam "Leipzig SG"]
[WhiteTeamCountry "GER"]
[BlackTeamCountry "GER"]

1. e4 c5 2. Nc3 Nc6 3. g3 g6 4. Bg2 Bg7 5. d3 d6 6. f4 Nf6 7. Nge2 Nd4 8. h3 0-0 9. 0-0 Rb8 10. Be3 Nd7 11. Qd2 Qa5 12. Rf2 e6 13. g4 f5 14. Ng3 fxg4 15. hxg4 b5 16. Bh3 b4 17. Nd1 Qd8 18. g5 Nb6 19. c3 bxc3 20. bxc3 Nc6 21. Nb2 Qe7 22. Raf1 d5 23. f5 exf5 24. exf5 Bxc3 25. Qxc3 Qxe3 26. Kh2 Qd4 27. Qc1 Nd7 28. Rc2 Nde5 29. Rf4 Nxd3 30. Rxd4 Nxc1 31. Rxd5 Nd4 32. Rf2 Nce2 33. Nd3 Nxg3 34. Kxg3 Bxf5 35. Nxc5 Bxh3 36. Rxf8+ Rxf8 37. Kxh3 Rf5 38. Rd8+ Kf7 39. Ne4 Ne6 40. Rd7+ Ke8 41. Rxh7 Nxg5+ 42. Nxg5 Rxg5 43. Rxa7 1/2-1/2

[Event "Oberpfalz-ch M1"]
[Site "Neutraubling"]
[Date "2013.03.24"]
[Round "4"]
[White "Werner, Claus"]
[Black "Giessmann, Stephan"]
[Result "0-1"]
[WhiteElo "2228"]
[BlackElo "2241"]
[PlyCount "46"]
[EventDate "2013.03.23"]
[EventType "swiss"]
[EventRounds "8"]
[EventCountry "GER"]
[SourceTitle "EXT 2022"]
[Source "ChessBase"]
[SourceDate "2021.10.06"]
[SourceVersion "1"]
[SourceVersionDate "2021.10.06"]
[SourceQuality "1"]

1. c4 e6 2. Nf3 d5 3. e3 Nf6 4. b3 b6 5. Bb2 Bb7 6. Nc3 Be7 7. g4 Nbd7 8. Rg1 Ne4 9. d3 Nxc3 10. Bxc3 Bf6 11. d4 g6 12. g5 Bg7 13. cxd5 Bxd5 14. Nd2 h6 15. h4 hxg5 16. hxg5 Qe7 17. Qc2 Rh5 18. f4 Rh2 19. e4 Bb7 20. Qd3 0-0-0 21. Nf3 Nc5 22. Qc4 Rc2 23. Bd3 b5 0-1

[Event "Oberpfalz-ch M1"]
[Site "Neutraubling"]
[Date "2013.03.23"]
[Round "2"]
[White "Werner, Claus"]
[Black "Rieger, Martin"]
[Result "1-0"]
[WhiteElo "2228"]
[BlackElo "2163"]
[PlyCount "83"]
[EventDate "2013.03.23"]
[EventType "swiss"]
[EventRounds "8"]
[EventCountry "GER"]
[SourceTitle "EXT 2022"]
[Source "ChessBase"]
[SourceDate "2021.10.06"]
[SourceVersion "1"]
[SourceVersionDate "2021.10.06"]
[SourceQuality "1"]

1. Nf3 g6 2. c4 Bg7 3. Nc3 d6 4. d4 Nf6 5. e4 0-0 6. h3 b6 7. Be3 Bb7 8. d5 c5 9. Qd2 e6 10. Bd3 exd5 11. exd5 Re8 12. 0-0 a6 13. a4 Nbd7 14. Rae1 Ne5 15. Nxe5 Rxe5 16. Bg5 Rxe1 17. Rxe1 Qf8 18. Qf4 Re8 19. Rxe8 Nxe8 20. Bd8 Be5 21. Qh4 f6 22. Bxb6 Qe7 23. Qe4 Bc8 24. Qe2 Qg7 25. Nd1 Bd7 26. b3 Qh6 27. Qe3 Qh4 28. Ba5 Ng7 29. Bc3 Nh5 30. Bf1 Nf4 31. Bxe5 fxe5 32. Kh2 Qh5 33. f3 Kf7 34. Nf2 Qg5 35. Ne4 Qe7 36. g3 Nh5 37. b4 cxb4 38. Qb6 Kg7 39. Qxb4 Bf5 40. Qxd6 Qe8 41. Qc7+ Kh6 42. Nd6 1-0

[Event "BL2-Ost 1213"]
[Site "Germany"]
[Date "2013.01.13"]
[Round "5.7"]
[White "Werner, Claus"]
[Black "Reich, Thomas"]
[Result "1/2-1/2"]
[WhiteElo "2228"]
[BlackElo "2362"]
[PlyCount "42"]
[EventDate "2012.10.14"]
[EventType "team-tourn"]
[EventRounds "9"]
[EventCountry "GER"]
[SourceTitle "CBM 154 Extra"]
[Source "ChessBase"]
[SourceDate "2013.06.25"]
[SourceVersion "2"]
[SourceVersionDate "2013.06.25"]
[SourceQuality "1"]
[WhiteTeam "Neutraubling Wacker"]
[BlackTeam "Bayern Muenchen"]
[WhiteTeamCountry "GER"]
[BlackTeamCountry "GER"]

1. e4 c5 2. Nf3 g6 3. d4 cxd4 4. Nxd4 Bg7 5. c4 Nc6 6. Be3 Nf6 7. Nc3 0-0 8. Be2 d6 9. Nc2 b6 10. 0-0 Bb7 11. Qd2 Re8 12. Rfd1 Rc8 13. f3 Ne5 14. Na3 a6 15. Rac1 Ned7 16. Bf1 Qc7 17. Qf2 Qb8 18. Na4 Bc6 19. Nc3 Bb7 20. Na4 Bc6 21. Nc3 Bb7 1/2-1/2